Las Constituciones de España / (Record no. 130779)

MARC details
000 -LEADER
campo de control de longitud fija 00855nam a2200277 i 4500
001 - NÚMERO DE CONTROL
campo de control 130779
003 - IDENTIFICADOR DE NÚMERO DE CONTROL
campo de control ES-MaACL
005 - FECHA Y HORA DE LA ÚLTIMA TRANSACCIÓN
campo de control 20250827062626.0
007 - CAMPO FIJO DE DESCRIPCIÓN FÍSICA--INFORMACIÓN GENERAL
campo de control de longitud fija t|
008 - DATOS DE LONGITUD FIJA--INFORMACIÓN GENERAL
campo de control de longitud fija 070808s1990 sp ||||1| spa d
020 ## - NÚMERO INTERNACIONAL ESTÁNDAR DEL LIBRO
Número Internacional Estándar del Libro 84-306-5701-0
080 ## - NÚMERO DE LA CLASIFICACIÓN DECIMAL UNIVERSAL
Número de la Clasificación Decimal Universal 342.4(460)"18/19"(094.5)
110 1# - ENTRADA PRINCIPAL--NOMBRE DE ENTIDAD CORPORATIVA
Nombre de entidad corporativa o nombre de jurisdicción como elemento de entrada España
9 (RLIN) 3622
245 14 - MENCIÓN DEL TÍTULO
Título Las Constituciones de España /
Mención de responsabilidad, etc. edición y estudio preliminar de Jorge de Esteban.
250 ## - MENCION DE EDICION
Mención de edición 2ª ed. rev.
260 ## - PUBLICACIÓN, DISTRIBUCIÓN, ETC.
Lugar de publicación, distribución, etc. Madrid :
Nombre del editor, distribuidor, etc. Taurus,
Fecha de publicación, distribución, etc. [1990]
300 ## - DESCRIPCIÓN FÍSICA
Extensión 341 p. ;
Dimensiones 18 cm.
490 1# - MENCIÓN DE SERIE
Mención de serie Textos auxiliares ;
Designación de volumen o secuencia 1
500 ## - NOTA GENERAL
Nota general Biblioteca Jacinto Martínez Lacalle.
504 ## - NOTA DE BIBLIOGRAFÍA, ETC.
Nota de bibliografía, etc. Bibliografía: p.35-42.
650 ## - PUNTO DE ACCESO ADICIONAL DE MATERIA--TÉRMINO DE MATERIA
Término de materia o nombre geográfico como elemento de entrada Constituciones-
Subdivisión geográfica España.
9 (RLIN) 11292
700 1# - ENTRADA AGREGADA--NOMBRE PERSONAL
Nombre de persona Esteban, Jorge de.
9 (RLIN) 48032
830 0# - PUNTO DE ACCESO ADICIONAL DE SERIE-TÍTULO UNIFORME
Título uniforme Textos auxiliares ;
Designación de volumen o secuencia 1
9 (RLIN) 219512
852 ## - LOCALIZACIÓN
Ubicación ES-MaACL
Número de control de estantería E-11937
Sublocalización o colección R.142622
Holdings
Estatus retirado Estado de pérdida Estado de daño No para préstamo Biblioteca de origen Biblioteca actual Ubicación en estantería Fecha de adquisición Fuente de adquisición Total de préstamos Signatura topográfica completa Código de barras Visto por última vez Precio de reemplazo Tipo de ítem Koha
        Biblioteca del Ateneo de Madrid Biblioteca del Ateneo de Madrid Depósito 2 17/01/2008     E-11937 1136162 23/02/2023 23/02/2023 Libro impreso